Proyecto hidrologico Cote estudio de reconocimiento
Salvato in:
| Autore principale: | |
|---|---|
| Natura: | Tesi Libro |
| Lingua: | Undetermined |
| Pubblicazione: |
1986
|
| Soggetti: | |
| Tags: |
Aggiungi Tag
Nessun Tag, puoi essere il primo ad aggiungerne!!
|
MARC
| LEADER | 00000nam a2200000Ia 4500 | ||
|---|---|---|---|
| 001 | 2954 | ||
| 008 | 140114s9999 xx 000 0 und d | ||
| 100 | |a Rojas Saenz, Roger Omar | ||
| 245 | |a Proyecto hidrologico Cote estudio de reconocimiento | ||
| 260 | |c 1986 | ||
| 500 | |a NULL | ||
| 502 | |a Escuela de ingenieria Civil | ||
| 650 | |z PROYECTO HIDROLOGICO | ||
| 999 | |c 11694 |d 11694 | ||
